Banská Štiavnica a okolie 30 rokov súčasťou svetového dedičstva UNESCO 1993-2023

Bibliographic Details
Main Author: Petrík, Ján (Author, Photographer)
Other Authors: Dobšovič, Vladimír (Photographer), Garai, Marian (Photographer), Kumpfová, Emília (Photographer), Látka, Matúš (Photographer), Lutonský, Martin (Photographer), Lužina, Ľubomír, 1962- (Photographer), Šúr, Ján (Photographer)
Format: Book
Language:Slovak
English
PhysicalDescription:143 strán faksimile, farebné fotografie, portréty 29 cm
Published: Banská Štiavnica Mesto Banská Štiavnica [2023]
ISBN:9788057052685
Edition:Vydanie: I
Subjects:

MARC

LEADER 00000cam a2200000 4500
001 vtls012248793
003 SK-MaSNL
005 20260425223204.0
008 240124q2023 xo hoacg 000 0 slo
015 |a SNBA2024/04 
020 |a 9788057052685  |q (viazané) 
040 |a SNK  |b slo  |c SNK  |e rda 
041 0 |a slo  |a eng 
043 |a e-xo--- 
044 |a xo  |c SK 
072 7 |a 930.85  |x Dejiny civilizácie. Kultúrne dejiny  |2 konspekt 
072 7 |a 904  |x Kultúrne pamiatky historického obdobia všeobecne  |2 konspekt 
080 |a 930.85  |2 2011 
080 |a 904:6  |2 2011 
080 |a 904  |2 2011 
080 |a 913  |2 2011 
080 |a "1993/2023"  |2 2011 
080 |a (437.642)  |2 2011 
080 |a (084.12)  |2 2011 
080 |a (082.2)  |2 2011 
100 1 |a Petrík, Ján  |4 aut  |4 pht  |9 330662 
245 1 0 |a Banská Štiavnica a okolie  |b 30 rokov súčasťou svetového dedičstva UNESCO 1993-2023  |c Ján Petrík a kolektív 
250 |a Vydanie: I 
264 1 |a Banská Štiavnica  |b Mesto Banská Štiavnica  |c [2023] 
300 |a 143 strán  |b faksimile, farebné fotografie, portréty  |c 29 cm 
336 |a text  |b txt  |2 rdacontent 
336 |a statický obraz  |b sti  |2 rdacontent 
337 |a bez média  |b n  |2 rdamedia 
338 |a zväzok  |b nc  |2 rdacarrier 
500 |a Dátum vydania podľa NA ISBN 
546 |a Úvod a súbežný text v angličtine 
610 2 7 |a Svetové dedičstvo UNESCO  |2 SNKKA  |9 330663 
648 7 |a 1993-2023  |2 SNKPH  |9 330664 
650 0 7 |a kultúrne dedičstvo  |2 SNKPH  |9 4195 
650 0 7 |a technické pamiatky  |2 SNKPH  |9 21763 
650 0 7 |a historické pamiatky  |2 SNKPH  |9 75346 
650 0 7 |a regionálna geografia  |2 SNKPH  |9 822 
650 0 7 |a Cultural heritage  |2 SNKPHeng  |9 265420 
650 0 7 |a Technical monuments  |2 SNKPHeng  |9 330665 
650 0 7 |a Monuments  |2 SNKPHeng  |9 306783 
650 0 7 |a Regional geography  |2 SNKPHeng  |9 267552 
651 7 |a Banská Štiavnica (Slovensko : okres)  |2 SNKPHgeo  |9 79545 
651 7 |a Banská Štiavnica (Slovakia : district)  |2 SNKPHeng  |9 267446 
655 7 |a fotografické publikácie  |2 SNKPH  |9 70483 
655 7 |a jubilejné publikácie  |2 SNKPH  |9 70339 
655 7 |a Photographic publication  |2 SNKPHeng  |9 266858 
655 7 |a Jubilee books  |2 SNKPHeng  |9 281827 
700 1 |a Dobšovič, Vladimír  |4 pht  |9 330666 
700 1 |a Garai, Marian  |4 pht  |9 330667 
700 1 |a Kumpfová, Emília  |4 pht  |9 330668 
700 1 |a Látka, Matúš  |4 pht  |9 330669 
700 1 |a Lutonský, Martin  |4 pht  |9 267099 
700 1 |a Lužina, Ľubomír,  |d 1962-  |4 pht  |9 235225 
700 1 |a Šúr, Ján  |4 pht  |9 330670 
852 |a Slovenská národná knižnica 
919 |a 978-80-570-5268-5 
954 |a odborná, vedecká literatúra pôvodná (slovenská)  |2 lita 
954 |a obrazové publikácie zamerané na výtvarné umenie a fotografiu pôvodné (slovenské)  |2 lita 
999 |c 578939  |d 580869 
952 |a SNK  |b SNK  |y PREZ  |7 0  |p 17A1544903  |o snkSB 100095  |i snk2024/3307  |8 0  |0 0  |1 0  |4 0  |d 2024-02-27  |l 0  |r 2025-05-19 00:00:00  |w 2026-02-23 
952 |a SNK  |b SNK  |y VYP  |7 0  |p 17A1544904  |o snkSB 100095 D1  |i snk2024/3308  |8 0  |0 0  |1 0  |4 0  |d 2024-02-27  |l 0  |r 2026-02-23 14:42:18  |w 2026-02-23